| 000 | 00595cam a2200217 a 4500 | ||
|---|---|---|---|
| 001 | 2404603 | ||
| 005 | 20180312051314.0 | ||
| 008 | 860304s1986 nyu b 001 0 eng | ||
| 010 | _a 86005401 | ||
| 020 |
_a0195039106 (alk. paper) : _c$15.95 |
||
| 040 |
_aDLC _cDLC _dDLC |
||
| 041 | _aeng | ||
| 080 | _a306.89 VAU | ||
| 082 | 0 | 0 |
_a306.89 VAU _219 |
| 100 | 1 | _a50 | |
| 101 | _aSOC | ||
| 245 | 1 | 0 |
_aUncoupling : _cDiane Vaughan. |
| 504 | _aBibliography: p. 240-246. | ||
| 906 |
_a7 _bcbc _corignew _d1 _eocip _f19 _gy-gencatlg |
||
| 942 |
_2ddc _cBK |
||
| 999 |
_c44687 _d44687 |
||